Music Quiz

Random Music or Lyrics Quiz

Sweetie Lyrics Quiz Stats

 Plays Quiz not verified by Sporcle

Challenge
Share
Tweet
Embed
Score 0/300 Timer 07:00
0 Plays Today
Word % Correct
in
100%
a
100%
to
100%
I
100%
a
100%
in
100%
the
100%
the
100%
an
100%
I'm
100%
to
100%
I
100%
can
100%
it
100%
in
100%
love,
100%
I
100%
Sweetie.
100%
it's
100%
can
100%
it
100%
I
100%
Sweetie, Sweetie
100%
I'm
100%
to
100%
I
100%
can
100%
it
100%
in
100%
love
100%
I
100%
Sweetie
100%
Sweetie
100%
A
100%
a
100%
I'm
100%
with
100%
I
100%
a
100%
Sweetie
100%
Sweetie
100%
with
100%
is
100%
do,
100%
I
100%
I
100%
can
100%
it
100%
IN
100%
LOVE
100%
I
100%
Sweetie
100%
CAN
100%
it
100%
I
100%
Sweetie
100%
Sweetie
100%
I'm
100%
to
100%
in
100%
I'm
100%
it
100%
can
100%
I
100%
can
100%
Sweetie!
100%
I
100%
love
100%
I
100%
it
100%
Sweetie.
100%
Sweetie,
100%
We
83.3%
were
83.3%
ways
83.3%
get
83.3%
away
83.3%
you-ou-ou
83.3%
like
83.3%
of
83.3%
for
83.3%
We
83.3%
'bout
83.3%
And
83.3%
from
83.3%
now
83.3%
on:
83.3%
You're
83.3%
not
83.3%
as
83.3%
as
83.3%
you
83.3%
are!
83.3%
tell
83.3%
you:
83.3%
Anything
83.3%
you
83.3%
want
83.3%
make
83.3%
we
83.3%
Word % Correct
could
83.3%
and
83.3%
could
83.3%
your
83.3%
any
83.3%
you
83.3%
And
83.3%
of
83.3%
I'll
83.3%
your
83.3%
We
83.3%
make
83.3%
could
83.3%
your
83.3%
You're
83.3%
not
83.3%
as
83.3%
as
83.3%
you
83.3%
you
83.3%
are!
83.3%
tell
83.3%
you!
83.3%
Anything
83.3%
you
83.3%
want
83.3%
make
83.3%
we
83.3%
could
83.3%
and
83.3%
could
83.3%
your
83.3%
and
83.3%
of
83.3%
Stay
83.3%
up
83.3%
and
83.3%
of
83.3%
when
83.3%
you-ou-ou
83.3%
Anything
83.3%
you
83.3%
want
83.3%
anything
83.3%
you need.
83.3%
Anything
83.3%
you
83.3%
want
83.3%
anything
83.3%
you
83.3%
you,
83.3%
you
83.3%
and
83.3%
here
83.3%
just
83.3%
all
83.3%
YOU
83.3%
ANYTHING
83.3%
WANT
83.3%
make
83.3%
WE
83.3%
COULD
83.3%
and
83.3%
could
83.3%
your
83.3%
OF
83.3%
I'll
83.3%
your
83.3%
WE
83.3%
make
83.3%
could
83.3%
your
83.3%
Your
83.3%
not
83.3%
as
83.3%
as
83.3%
you
83.3%
you
83.3%
are!
83.3%
tell
83.3%
you!
83.3%
You're
83.3%
you:
83.3%
tell
83.3%
are!
83.3%
you
83.3%
as
83.3%
you
83.3%
as
83.3%
not
83.3%
Anything
83.3%
could
83.3%
we
83.3%
make
83.3%
want
83.3%
you
83.3%
We
83.3%
your
83.3%
I'll
83.3%
of
83.3%
Word % Correct
your
83.3%
could
83.3%
and
83.3%
could
83.3%
make
83.3%
your
83.3%
both
66.7%
different
66.7%
Both
66.7%
rush
66.7%
ran
66.7%
into
66.7%
crash
66.7%
thunder.
66.7%
rain
66.7%
waiting
66.7%
bus.
66.7%
started
66.7%
talking
66.7%
different
66.7%
there's
66.7%
Eighth
66.7%
World
66.7%
Wonder.
66.7%
lonely
66.7%
think
66.7%
trying
66.7%
boy,
66.7%
happen,
66.7%
fall
66.7%
be
66.7%
true-ue-ue,
66.7%
time
66.7%
day
66.7%
boy,
66.7%
be
66.7%
distraction.
66.7%
happen.
66.7%
be
66.7%
Yeah
66.7%
lonely
66.7%
think
66.7%
trying
66.7%
boy
66.7%
happen
66.7%
fall
66.7%
be
66.7%
Yeah!
66.7%
dinner
66.7%
date
66.7%
glass
66.7%
wine.
66.7%
late
66.7%
lost
66.7%
track
66.7%
time,
66.7%
feel
66.7%
different
66.7%
hunger.
66.7%
boy,
66.7%
boy,
66.7%
Yeah!
66.7%
give
66.7%
be
66.7%
wanna
66.7%
boy
66.7%
happen,
66.7%
FALL
66.7%
be
66.7%
ANYTIME
66.7%
DAY
66.7%
boy
66.7%
be
66.7%
distraction
66.7%
happen
66.7%
be
66.7%
lonely
66.7%
think
66.7%
trying
66.7%
need.
66.7%
trying
66.7%
think
66.7%
lonely
66.7%
fall
66.7%
happen
66.7%
boy
66.7%
be
66.7%
distraction.
66.7%
be
66.7%
boy
66.7%
day
66.7%
Anytime
66.7%
be
66.7%
happen
66.7%
trying
66.7%
Out
50%
stuff
50%
satisfaction.
50%
headed
33.3%
That
33.3%

You're not logged in!

Compare scores with friends on all Sporcle quizzes.
Join for Free
OR
Log In

You Might Also Like...

Show Comments

Extras

Created Mar 24, 2014SourceReportNominate
Tags:Lyrics Quiz

Top Quizzes Today


Score Distribution

Your Account Isn't Verified!

In order to create a playlist on Sporcle, you need to verify the email address you used during registration. Go to your Sporcle Settings to finish the process.

Report this User

Report this user for behavior that violates our Community Guidelines.

Details: